Firm Investment Under Financial Market Imperfections

Malé a stredné podniky majú problémy pri získavaní finančných zdrojov, čoho príčinou sú nedokonalé finančné trhy. Výsledky prieskumu, ktorý bol vykonaný v 58 automobilových spoločnostiach na Slovensku z roku 2011 potvrdzuje dané tvrdenia.

Gespeichert in:
Bibliographische Detailangaben
1. Verfasser: Belanová, Katarína, 1978-
Format: Buchkapitel
Sprache:Englisch
Schlagworte:
Tags: Tag hinzufügen
Keine Tags, Fügen Sie das erste Tag hinzu!

MARC

LEADER 00000naa$a2200000$$$4500
001 0240924
005 20240502083646.1
041 0 |a eng 
044 |a CZ 
245 1 0 |a Firm Investment Under Financial Market Imperfections  |c Katarína Belanová 
520 |a Malé a stredné podniky majú problémy pri získavaní finančných zdrojov, čoho príčinou sú nedokonalé finančné trhy. Výsledky prieskumu, ktorý bol vykonaný v 58 automobilových spoločnostiach na Slovensku z roku 2011 potvrdzuje dané tvrdenia. 
610 2 0 |a investície 
610 2 0 |a podnik 
610 2 0 |a podnik malý 
610 2 0 |a podnik stredný 
610 2 0 |a trh finančný 
610 2 0 |a úver 
610 2 0 |a úspory finančné 
610 2 0 |a prídely 
100 1 |a Belanová, Katarína, 1978-